Statistics for Biggest Cities in Grenada on a Map

Click here to take the quiz!

General Stats

  • This quiz has been taken 44 times
  • The average score is 3 of 7

Answers on the Map

Answers color-coded by a green-red scale on the quiz's map according to % correct below.
 

Answer Stats

PopulationSettlement% Correct
7,500St. George's
97%
3,378Gouyave
41%
1,321St. David's
38%
2,476Grenville
34%
1,000Hillsborough (Carriacou)
31%
1,320Sauteurs
31%
2,256Victoria
31%

Score Distribution

Percentile by Number Answered

Percent of People with Each Score

Your Score History

You have not taken this quiz